| 000 | 00389cam a2200157ua 4500 | ||
|---|---|---|---|
| 041 |
_aeng _h |
||
| 082 |
_a613 _bSEL/HE |
||
| 100 | _aSelmon, A.C . | ||
| 245 |
_aHealth and longevity / _cA.C.Selmon. _hTextual Documents |
||
| 250 |
_a20 / _b. |
||
| 260 |
_aIndia : _bOriental watchman publishing house , _c1962. |
||
| 300 | _a376 ; . | ||
| 504 | _a | ||
| 942 | _cBK | ||
| 999 |
_c2652 _d2652 |
||